000 00593nam a2200241 a 4500
001 nice12345678
003 IN_TiNIC
005 20260116011510.0
008 050524s0000 dela grp 000 0 urd
020 _a
_c1
082 0 0 _a297.2
_bILA
100 _aIlahi, Ashiq
245 _aFazael-E-Ummat-E-Muhammadiyya
260 _aDelhi
_bIdara Ishaat-E-Diniyat
_c0000
300 _a64p
500 _aincludes index and biblioraphy
505 2 _ascn book club study project.3
650 _aIslam-Doctrines
700 1 _aIlahi, Ashiq
902 _bSRS
942 _cBK
999 _c2071
_d2071